Škola a socializácia žiakov v škole = School and socialization process of pupils in school : Diplomová práca

Salvato in:
Dettagli Bibliografici
Autore principale: Hajduk, Marko (Autore)
Altri autori: Reháková, Anna, 1954- (xxx)
Natura: Manoscritto Libro
Lingua:slovacco
Pubblicazione: Trnava : STU v Bratislave MTF UIPH, 2009
Soggetti:
Tags: Aggiungi Tag
Nessun Tag, puoi essere il primo ad aggiungerne!!

MARC

LEADER 00000ntm a22000003a 4500
001 stu182429
005 20160719154342.1
008 090330s2009----xo------------------slo-d
040 |a STU  |b slo 
041 0 |a slo 
044 |a xo 
100 1 |a Hajduk, Marko  |4 aut 
245 1 |a Škola a socializácia žiakov v škole = School and socialization process of pupils in school :  |b Diplomová práca 
260 |a Trnava :  |b STU v Bratislave MTF UIPH,  |c 2009 
300 |a 64 s  |c 1 CD-ROM 
500 |a Študijný odbor: 1.1.2 učiteľstvo profesijných predmetov a praktickej prípravy 
500 |a Študijný program: učiteľstvo technických profesijných predmetov 
650 7 |a socializácia  |2 stusub 
700 1 |a Reháková, Anna,  |d 1954-  |4 xxx  |u M330  |U MTF Ústav inžinierskej pedagogiky a humatitných vied  |T MTF Katedra odbornej jazykovej prípravy  |X 280  |U M330  |Y M330  |7 A000000280 
996 |b 284M070145  |c M*DP-7857  |l MMSKP  |s P  |a 0  |w stu182429_0001